[Event "SRB-chT 1st League CS"]
[Site "Bajina Basta"]
[Date "2021.10.01"]
[Round "8.5"]
[White "Kojovic, Dragan"]
[Black "Rajevic, Gavrilo"]
[Result "1-0"]
[WhiteElo "2297"]
[BlackElo "2174"]
[PlyCount "101"]
[EventDate "2021.09.26"]
[EventType "team-tourn"]
[EventRounds "11"]
[EventCountry "SRB"]
[SourceTitle "EXT 2023"]
[Source "ChessBase"]
[SourceDate "2022.10.05"]
[SourceVersion "1"]
[SourceVersionDate "2022.10.05"]
[SourceQuality "1"]
[WhiteTeam "Gornji Milanovac Metalac"]
[BlackTeam "Kosovska Mitrovica"]
[WhiteTeamCountry "SRB"]
[BlackTeamCountry "SRB"]

1. d4 Nf6 2. c4 g6 3. Nc3 Bg7 4. e4 d6 5. Bd3 0-0 6. Nge2 Nc6 7. h3 e5 8. d5 Nd4 9. Nxd4 exd4 10. Ne2 Re8 11. f3 Nd7 12. 0-0 c5 13. f4 b5 14. b3 bxc4 15. bxc4 Rb8 16. Bd2 Qe7 17. Qc2 Nb6 18. Ng3 Bd7 19. a4 Bc8 20. a5 Nd7 21. Nh1 Ba6 22. Nf2 Rb7 23. Rab1 Rxb1 24. Rxb1 Rb8 25. Rxb8+ Nxb8 26. Ng4 Bc8 27. Nh2 Qb7 28. Nf3 Na6 29. Qa4 Bd7 30. Qa3 f6 31. Kf2 Bh6 32. g4 Nb4 33. Be2 Nc2 34. Qa2 Nb4 35. Qb3 Qc7 36. Qa3 Nc2 37. Qb2 Nb4 38. Nxd4 Qxa5 39. Nc6 Bxc6 40. dxc6 Kf7 41. Qb3 Ke7 42. Qf3 Qb6 43. e5 Qxc6 44. exf6+ Kf7 45. Qe3 Qd7 46. g5 Bf8 47. Bg4 Qd8 48. Qa3 Qb8 49. Qa4 Qb7 50. Bf3 Qc7 51. Bxb4 1-0

[Event "SRB-chT 1st League CS"]
[Site "Bajina Basta"]
[Date "2021.10.01"]
[Round "9.5"]
[White "Rajevic, Gavrilo"]
[Black "Ravic, Nenad"]
[Result "1/2-1/2"]
[WhiteElo "2174"]
[BlackElo "2227"]
[PlyCount "46"]
[EventDate "2021.09.26"]
[EventType "team-tourn"]
[EventRounds "11"]
[EventCountry "SRB"]
[SourceTitle "EXT 2023"]
[Source "ChessBase"]
[SourceDate "2022.10.05"]
[SourceVersion "1"]
[SourceVersionDate "2022.10.05"]
[SourceQuality "1"]
[WhiteTeam "Kosovska Mitrovica"]
[BlackTeam "Kraljevo Sloga"]
[WhiteTeamCountry "SRB"]
[BlackTeamCountry "SRB"]

1. e4 c5 2. Nf3 d6 3. d4 cxd4 4. Nxd4 Nf6 5. Nc3 a6 6. Bc4 e6 7. Bb3 Nbd7 8. f4 Nc5 9. f5 b5 10. Qf3 Bd7 11. a3 Nxb3 12. cxb3 e5 13. Nc2 h6 14. g4 Be7 15. g5 hxg5 16. Bxg5 Nh5 17. Bxe7 Qxe7 18. 0-0-0 Nf4 19. h4 a5 20. Kb1 Bc6 21. b4 a4 22. Qg4 Kf8 23. Ne3 Qf6 1/2-1/2

[Event "SRB-chT 1st League CS"]
[Site "Bajina Basta"]
[Date "2021.09.27"]
[Round "2.5"]
[White "Rajevic, Gavrilo"]
[Black "Zivkovic, Dejan"]
[Result "0-1"]
[WhiteElo "2174"]
[BlackElo "2317"]
[PlyCount "90"]
[EventDate "2021.09.26"]
[EventType "team-tourn"]
[EventRounds "11"]
[EventCountry "SRB"]
[SourceTitle "EXT 2023"]
[Source "ChessBase"]
[SourceDate "2022.10.05"]
[SourceVersion "1"]
[SourceVersionDate "2022.10.05"]
[SourceQuality "1"]
[WhiteTeam "Kosovska Mitrovica"]
[BlackTeam "Krupanj"]
[WhiteTeamCountry "SRB"]
[BlackTeamCountry "SRB"]

1. e4 c6 2. d4 d5 3. exd5 cxd5 4. c4 Nf6 5. Nc3 Nc6 6. cxd5 Nxd5 7. Nf3 Bg4 8. Qb3 Bxf3 9. gxf3 Nb6 10. Be3 e6 11. 0-0-0 Be7 12. d5 exd5 13. Nxd5 Nxd5 14. Rxd5 Qc7 15. Kb1 0-0 16. Rg1 Bf6 17. f4 Rad8 18. Bg2 Nd4 19. Qd3 Rxd5 20. Bxd5 Rd8 21. Bxd4 Rxd5 22. Qe4 Qd7 23. Re1 h6 24. Qe8+ Kh7 25. Qxd7 Rxd7 26. Bxf6 gxf6 27. Kc2 Kg6 28. Re4 Kh5 29. f3 Kh4 30. Ra4 a6 31. Ra5 Rd6 32. Rf5 Kh3 33. Rh5+ Kg2 34. Rxh6 Kxf3 35. Rh7 Rd7 36. f5 Kg4 37. h4 Kxf5 38. h5 Kg5 39. h6 Kg6 40. Rh8 f5 41. h7 Kg7 42. Rg8+ Kxh7 43. Rg5 Rd5 44. Kc3 Kh6 45. Rg1 f4 0-1

[Event "SRB-chT 2nd League West"]
[Site "Kragujevac"]
[Date "2019.10.04"]
[Round "8.6"]
[White "Kolarevic, Darko"]
[Black "Rajevic, Gavrilo"]
[Result "1/2-1/2"]
[WhiteElo "2157"]
[BlackElo "2222"]
[PlyCount "58"]
[EventDate "2019.09.06"]
[EventType "team-tourn"]
[EventRounds "11"]
[EventCountry "SRB"]
[SourceTitle "EXT 2020"]
[Source "ChessBase"]
[SourceDate "2019.10.17"]
[SourceVersion "1"]
[SourceVersionDate "2019.10.17"]
[SourceQuality "1"]
[WhiteTeam "Ivanjica"]
[BlackTeam "Kosovska Mitrovica"]
[WhiteTeamCountry "SRB"]
[BlackTeamCountry "SRB"]

1. d4 Nf6 2. c4 g6 3. Nc3 Bg7 4. e4 d6 5. Nf3 0-0 6. Be2 e5 7. 0-0 Nc6 8. d5 Ne7 9. Ne1 Ne8 10. Be3 f5 11. f3 c5 12. dxc6 bxc6 13. Qd2 Be6 14. Rd1 Qc7 15. b4 Rd8 16. Qc2 Nf6 17. Qa4 Nc8 18. Nd3 Bxc4 19. Rc1 Nb6 20. Qa5 Qb7 21. Na4 fxe4 22. Ndc5 dxc5 23. Bxc4+ Nxc4 24. Rxc4 exf3 25. Nxc5 Qf7 26. Rc2 fxg2 27. Rxg2 Qd5 28. Rff2 Qf7 29. Rg5 Qe8 1/2-1/2

[Event "SRB-chT 1st League"]
[Site "Banja Vrujci"]
[Date "2017.09.18"]
[Round "4.3"]
[White "Stojanovic, Vlastimir"]
[Black "Rajevic, Gavrilo"]
[Result "1-0"]
[WhiteElo "2201"]
[BlackElo "2260"]
[PlyCount "81"]
[EventDate "2017.09.16"]
[EventType "team"]
[EventRounds "11"]
[EventCountry "SRB"]
[SourceTitle "CBM 180 Extra"]
[Source "ChessBase"]
[SourceDate "2017.10.06"]
[SourceVersion "1"]
[SourceVersionDate "2017.10.06"]
[SourceQuality "1"]
[WhiteTeam "Smederevska Palanka Jasenica"]
[BlackTeam "Kosovska Mitrovica"]
[WhiteTeamCountry "SRB"]
[BlackTeamCountry "SRB"]

1. e4 c5 2. Nf3 d6 3. Bb5+ Nd7 4. c3 Ngf6 5. Qe2 a6 6. Ba4 b5 7. Bc2 e5 8. d4 Be7 9. 0-0 0-0 10. Nh4 g6 11. f4 exf4 12. Nf3 Nh5 13. e5 dxe5 14. dxe5 Nb6 15. Be4 Ra7 16. Nbd2 Be6 17. b3 Nd5 18. Bxd5 Qxd5 19. c4 bxc4 20. Nxc4 Rd8 21. Ba3 Bf5 22. Rfd1 Qc6 23. Rxd8+ Bxd8 24. Nd6 Be6 25. Rc1 Bb6 26. Kh1 Bd5 27. Bxc5 Bxc5 28. b4 Qa4 29. bxc5 Qa3 30. Rb1 Qxc5 31. Rb8+ Kg7 32. Ne8+ Kh6 33. g4 g5 34. Rd8 Re7 35. Nd6 Ng7 36. Ne4 Qc1+ 37. Kg2 Bc4 38. Qf2 Ne6 39. Rg8 Rb7 40. Nexg5 Bf1+ 41. Qxf1 1-0

[Event "SRB-chT 1st League"]
[Site "Banja Vrujci"]
[Date "2017.09.16"]
[Round "1.3"]
[White "Rajevic, Gavrilo"]
[Black "Rabrenovic, Vladan"]
[Result "0-1"]
[WhiteElo "2260"]
[BlackElo "2337"]
[PlyCount "66"]
[EventDate "2017.09.16"]
[EventType "team"]
[EventRounds "11"]
[EventCountry "SRB"]
[SourceTitle "CBM 180 Extra"]
[Source "ChessBase"]
[SourceDate "2017.10.06"]
[SourceVersion "1"]
[SourceVersionDate "2017.10.06"]
[SourceQuality "1"]
[WhiteTeam "Kosovska Mitrovica"]
[BlackTeam "Gornji Milanovac Metalac"]
[WhiteTeamCountry "SRB"]
[BlackTeamCountry "SRB"]

1. c4 e5 2. d3 Nc6 3. Nf3 g6 4. g3 Bg7 5. Bg2 Nf6 6. Nc3 0-0 7. 0-0 d6 8. Rb1 a5 9. a3 h6 10. b4 axb4 11. axb4 Be6 12. b5 Ne7 13. Bd2 Nd7 14. Qc1 Kh7 15. Ne1 Nc5 16. Nc2 Qd7 17. Nb4 Bh3 18. Nbd5 Bxg2 19. Kxg2 Nf5 20. Ne4 Nxe4 21. dxe4 Nd4 22. Bxh6 Nxe2 23. Bxg7 Kxg7 24. Qe3 Rh8 25. h4 Qg4 26. Rh1 c6 27. bxc6 bxc6 28. Nb4 Nd4 29. f3 Qe6 30. Rhc1 Rhb8 31. Nd3 Ra2+ 32. Nf2 Rxb1 33. Rxb1 Qxc4 0-1

[Event "SRB-chT2 West CS"]
[Site "Serbia"]
[Date "2016.10.07"]
[Round "8.1"]
[White "Gavrilovic, Leonardo"]
[Black "Rajevic, Gavrilo"]
[Result "1/2-1/2"]
[WhiteElo "2226"]
[BlackElo "2264"]
[PlyCount "106"]
[EventDate "2016.09.04"]
[EventType "team-tourn"]
[EventRounds "11"]
[EventCountry "SRB"]
[SourceTitle "EXT 2018"]
[Source "ChessBase"]
[SourceDate "2017.10.13"]
[SourceVersion "1"]
[SourceVersionDate "2017.10.13"]
[SourceQuality "1"]

1. Nf3 Nf6 2. c4 g6 3. g3 Bg7 4. Bg2 0-0 5. 0-0 d6 6. d4 c5 7. Nc3 Nc6 8. h3 cxd4 9. Nxd4 Bd7 10. Be3 Qa5 11. c5 Nxd4 12. Bxd4 e5 13. Be3 dxc5 14. Qd6 Rac8 15. Bg5 Be6 16. Bxb7 Rb8 17. Bxf6 Bxf6 18. Ne4 Bg7 19. Qxc5 Qxc5 20. Nxc5 Bxh3 21. Rfd1 Rfd8 22. Bd5 Rdc8 23. Ne4 h6 24. Kh2 Bg4 25. Rd2 Rc7 26. f3 Bc8 27. Rad1 Bb7 28. Nc3 Bf8 29. Bxb7 Rcxb7 30. b3 Bc5 31. Ne4 Bd4 32. Nd6 Rc7 33. Nc4 f6 34. Kg2 Re8 35. e3 Bc5 36. Rd7 Re7 37. Rxe7 Bxe7 38. Rd5 Kf7 39. f4 exf4 40. exf4 Ke6 41. Rd3 h5 42. Kf3 g5 43. fxg5 fxg5 44. Ke4 Rc5 45. Rd2 Rf5 46. Rh2 g4 47. Ne3 Re5+ 48. Kd3 Bc5 49. Ng2 Rd5+ 50. Ke4 Rd4+ 51. Ke3 Rd5+ 52. Ke4 Rd4+ 53. Ke3 Rd5+ 1/2-1/2

[Event "SRB-chT 1st League"]
[Site "Valjevo"]
[Date "2010.09.22"]
[Round "7"]
[White "Zivanovic, Nenad"]
[Black "Rajevic, Gavrilo"]
[Result "1/2-1/2"]
[WhiteElo "2187"]
[BlackElo "2286"]
[PlyCount "145"]
[EventDate "2010.09.18"]
[EventType "team"]
[EventRounds "11"]
[EventCountry "SRB"]
[SourceTitle "CBM 138 Extra"]
[Source "ChessBase"]
[SourceDate "2010.10.29"]
[SourceVersion "1"]
[SourceVersionDate "2010.10.29"]
[SourceQuality "1"]

1. e4 c5 2. Nc3 Nc6 3. g3 g6 4. Bg2 Bg7 5. d3 d6 6. f4 e6 7. Nf3 Nge7 8. 0-0 0-0 9. Be3 Nd4 10. Bf2 Nec6 11. e5 Nxf3+ 12. Bxf3 Nd4 13. Bg2 dxe5 14. fxe5 Bxe5 15. Ne4 f5 16. Nxc5 Qd6 17. b4 Nc6 18. Rb1 Bd4 19. Qd2 a5 20. c3 Bxf2+ 21. Rxf2 axb4 22. cxb4 Ra7 23. Qf4 e5 24. Qc4+ Kg7 25. Qd5 Qe7 26. Qc4 Nd4 27. b5 b6 28. Na6 Nxb5 29. Nb4 Na3 30. Nc6 Nxc4 31. Nxe7 Rxe7 32. dxc4 Rf6 33. Rfb2 Ree6 34. Bd5 Rd6 35. Kf2 Be6 36. Rd2 Rf8 37. Rb5 Rfd8 38. a4 e4 39. Ke3 Kf6 40. Kd4 Bd7 41. Rb4 Be6 42. Rb5 h5 43. Rdb2 Bxd5 44. cxd5 Kg5 45. Ke5 h4 46. gxh4+ Kg4 47. Rc2 e3 48. Rb4+ Kh3 49. Rb5 Kxh4 50. Re2 f4 51. Kxf4 Re8 52. Kf3 Rf6+ 53. Kg2 Re4 54. h3 Rxa4 55. Rb3 Rd4 56. Rbxe3 Rxd5 57. Rb3 b5 58. Reb2 Rff5 59. Rb4+ Kg5 60. Kg3 Rc5 61. R2b3 Kf6 62. h4 Ke6 63. Rg4 Kf7 64. Rgb4 Ke7 65. Rg4 Rf6 66. Rgb4 Rb6 67. Kf4 Kd7 68. Ke4 Rh5 69. Kd3 Kc6 70. Rg4 Kd5 71. Kc3 Kc5 72. Kb2 b4 73. Rbg3 1/2-1/2

[Event "SRB-chT 1st League"]
[Site "Valjevo"]
[Date "2010.09.20"]
[Round "3"]
[White "Rajevic, Gavrilo"]
[Black "Sorgic, Dragan"]
[Result "0-1"]
[WhiteElo "2286"]
[BlackElo "2310"]
[PlyCount "74"]
[EventDate "2010.09.18"]
[EventType "team"]
[EventRounds "11"]
[EventCountry "SRB"]
[SourceTitle "CBM 138 Extra"]
[Source "ChessBase"]
[SourceDate "2010.10.29"]
[SourceVersion "1"]
[SourceVersionDate "2010.10.29"]
[SourceQuality "1"]

1. e4 d6 2. d4 Nf6 3. Nc3 g6 4. f4 Bg7 5. Nf3 c5 6. Bb5+ Bd7 7. Bxd7+ Nbxd7 8. d5 0-0 9. 0-0 c4 10. Qe2 Rc8 11. e5 dxe5 12. fxe5 Ng4 13. e6 Qb6+ 14. Kh1 fxe6 15. Qxe6+ Qxe6 16. dxe6 Nb6 17. h3 Nf6 18. Bg5 h6 19. Bh4 g5 20. Bf2 Nfd5 21. Nxd5 Nxd5 22. Rad1 Rcd8 23. c3 Nf4 24. Bxa7 Nd3 25. Rb1 Ra8 26. Bd4 Rxa2 27. Bxg7 Kxg7 28. b3 cxb3 29. Rxb3 Nc5 30. Rb5 Ne4 31. Kg1 Ng3 32. Re1 Ne2+ 33. Kh1 Rf6 34. Nd4 Ng3+ 35. Kh2 Nf1+ 36. Kh1 Rff2 37. Rxb7 Ng3+ 0-1

[Event "SRB-chT Cup"]
[Site "Kragujevac"]
[Date "2010.05.22"]
[Round "5"]
[White "Radlovacki, Jovan"]
[Black "Rajevic, Gavrilo"]
[Result "1-0"]
[WhiteElo "2390"]
[BlackElo "2277"]
[PlyCount "149"]
[EventDate "2010.05.18"]
[EventType "team-tourn"]
[EventRounds "7"]
[EventCountry "YUG"]
[SourceTitle "CBM 136 Extra"]
[Source "ChessBase"]
[SourceDate "2010.07.02"]
[SourceVersion "2"]
[SourceVersionDate "2010.07.15"]
[SourceQuality "1"]

1. e4 c5 2. Nf3 d6 3. d4 cxd4 4. Qxd4 Nc6 5. Bb5 Bd7 6. Bxc6 Bxc6 7. c4 f5 8. exf5 Qa5+ 9. Nc3 Qxf5 10. Nd5 e5 11. Qd1 Qe4+ 12. Ne3 Nf6 13. Ng5 Qg6 14. Ne6 Kf7 15. Nxf8 Rhxf8 16. 0-0 Rad8 17. Qc2 Be4 18. Qb3 Kg8 19. f3 Bc6 20. Bd2 Kh8 21. Qc2 e4 22. Rae1 Qh5 23. f4 d5 24. cxd5 Nxd5 25. Nxd5 Qxd5 26. Bc3 Qf5 27. Qf2 Rd3 28. Qxa7 h5 29. Qf2 Rfd8 30. h3 R8d6 31. Kh2 Rg6 32. Re3 Kg8 33. Rfe1 Qd5 34. a3 Qd8 35. R1e2 h4 36. Be1 Rg3 37. Qg1 Rgxe3 38. Rxe3 Qf6 39. Qf2 Rxe3 40. Qxe3 Qxb2 41. Bxh4 Qc2 42. Bf2 Qd3 43. Qc1 Kf7 44. Be3 Qd5 45. Qc3 Qd3 46. Qc5 Qd5 47. Qb6 Kg8 48. Qb4 Qd3 49. Qc5 Qd5 50. Qxd5+ Bxd5 51. f5 Kf7 52. Kg3 Bc4 53. h4 Bf1 54. Kf2 Bd3 55. g4 g6 56. fxg6+ Kxg6 57. Kg3 Kf7 58. Kf4 Bc2 59. Kf5 Bd1 60. h5 Kg7 61. Kg5 Be2 62. Kh4 Bb5 63. g5 Be8 64. Bd4+ Kh7 65. a4 Bf7 66. a5 Be8 67. Kg4 Bd7+ 68. Kf4 Be8 69. g6+ Kh6 70. Kg4 Bxg6 71. hxg6 Kxg6 72. Kf4 Kf7 73. Kxe4 Ke6 74. Be5 Kd7 75. Kd5 1-0

[Event "SRB-chT Cup"]
[Site "Sombor"]
[Date "2009.05.23"]
[Round "6"]
[White "Mihic, Bojan"]
[Black "Rajevic, Gavrilo"]
[Result "1-0"]
[WhiteElo "2391"]
[BlackElo "2274"]
[PlyCount "57"]
[EventDate "2009.05.19"]
[EventType "team"]
[EventRounds "7"]
[EventCountry "YUG"]
[SourceTitle "CBM 130 Extra"]
[Source "ChessBase"]
[SourceDate "2009.07.02"]
[SourceVersion "2"]
[SourceVersionDate "2009.07.15"]
[SourceQuality "1"]

1. Nf3 Nf6 2. c4 g6 3. Nc3 Bg7 4. e4 d6 5. d4 0-0 6. Be2 e5 7. 0-0 Nc6 8. d5 Ne7 9. Ne1 Ne8 10. Be3 f5 11. f3 c5 12. dxc6 bxc6 13. b4 Be6 14. Qb3 fxe4 15. fxe4 Rxf1+ 16. Bxf1 Nf6 17. h3 Qf8 18. Nf3 Bh6 19. Ng5 Kh8 20. Be2 Bg8 21. Rf1 Qg7 22. Qd1 d5 23. Qc1 d4 24. Nf7+ Qxf7 25. Bxh6 Qe6 26. Qg5 Ne8 27. Bg4 Qd6 28. c5 Qc7 29. Rf8 1-0

[Event "Nis Easter"]
[Site "Nis"]
[Date "2007.04.25"]
[Round "7"]
[White "Jovic, Stanoje"]
[Black "Rajevic, Gavrilo"]
[Result "0-1"]
[WhiteElo "2303"]
[BlackElo "2269"]
[PlyCount "82"]
[EventDate "2007.04.19"]
[EventType "schev"]
[EventRounds "8"]
[EventCountry "YUG"]
[SourceTitle "EXT 2008"]
[Source "ChessBase"]
[SourceDate "2007.11.25"]
[SourceVersion "1"]
[SourceVersionDate "2007.11.25"]
[SourceQuality "1"]

1. c4 Nf6 2. Nc3 g6 3. g3 Bg7 4. Bg2 0-0 5. Nf3 d6 6. 0-0 c5 7. d4 Nc6 8. dxc5 dxc5 9. Bf4 Bd7 10. Qd2 Qc8 11. Rfd1 Bh3 12. Qe3 Bxg2 13. Kxg2 b6 14. h3 Re8 15. g4 Nd4 16. Rd2 Qc6 17. Rad1 e5 18. Bg3 h5 19. Qg5 hxg4 20. hxg4 Nh7 21. Qe3 e4 22. Nxd4 cxd4 23. Rxd4 Bxd4 24. Qxd4 Nf6 25. g5 Nh5 26. e3 Rac8 27. b3 Qe6 28. Qd7 Red8 29. Qxe6 fxe6 30. Rxd8+ Rxd8 31. Nxe4 Rd1 32. c5 bxc5 33. Nxc5 Kf7 34. b4 Rd5 35. Ne4 Nxg3 36. Kxg3 e5 37. a4 Rd1 38. Nc3 Rd3 39. Nb5 Rd7 40. Kf3 Ke6 41. Ke4 Rb7 0-1

[Event "Nis Easter"]
[Site "Nis"]
[Date "2007.04.19"]
[Round "1"]
[White "Rajevic, Gavrilo"]
[Black "Djukic, Nebojsa"]
[Result "1-0"]
[WhiteElo "2269"]
[BlackElo "2151"]
[PlyCount "123"]
[EventDate "2007.04.19"]
[EventType "schev"]
[EventRounds "8"]
[EventCountry "YUG"]
[SourceTitle "EXT 2008"]
[Source "ChessBase"]
[SourceDate "2007.11.25"]
[SourceVersion "1"]
[SourceVersionDate "2007.11.25"]
[SourceQuality "1"]

1. e4 e6 2. d4 d5 3. Nc3 Nf6 4. Bg5 Be7 5. e5 Nfd7 6. Bxe7 Qxe7 7. f4 a6 8. Nf3 c5 9. dxc5 Nc6 10. Bd3 Nxc5 11. 0-0 Bd7 12. a3 f5 13. exf6 Qxf6 14. Qd2 0-0 15. g3 Rae8 16. Rae1 b5 17. Ne5 Nxe5 18. Rxe5 Bc6 19. b4 Nd7 20. Ree1 Qd4+ 21. Rf2 Qb6 22. Nd1 e5 23. c3 Nf6 24. Ne3 e4 25. Bc2 Bb7 26. Bb3 Kh8 27. Ree2 h5 28. Qd4 Qxd4 29. cxd4 Rc8 30. Rc2 g6 31. Rxc8 Rxc8 32. Rc2 Rxc2 33. Bxc2 Kg7 34. h3 Ne8 35. Bb3 Nc7 36. Kf2 Kf6 37. g4 hxg4 38. hxg4 g5 39. fxg5+ Kxg5 40. Kg3 Bc6 41. Ba2 Bb7 42. Bb3 Bc6 43. Nf5 Bd7 44. Ne3 Ne6 45. Bxd5 Nxd4 46. Bxe4 Ne2+ 47. Kf2 Nc3 48. Kf3 Bc8 49. Nd5 Bxg4+ 50. Ke3 Na4 51. Kd4 Bc8 52. Ke5 Bb7 53. Kd6 Nb2 54. Kc7 Bxd5 55. Bxd5 Nc4 56. a4 Nb2 57. a5 Nd3 58. Bb7 Nxb4 59. Kb6 Kf4 60. Kc5 Nc2 61. Bxa6 b4 62. Bc4 1-0